| 000 | 01510nam0a2200397 i 4500 | ||
|---|---|---|---|
| 001 | RU\NLR\BIBL_A\010544911 | ||
| 005 | 20241103071830.0 | ||
| 010 |
_a9785869835741 _9500 |
||
| 021 |
_aRU _b2014-3232и _9248и |
||
| 035 | _a(NILC)LIBNET\0000483579 | ||
| 035 | _a(NLR Aleph) 010544911 | ||
| 090 |
_a10311702 _c10311702 |
||
| 100 | _a20141127d2014 um y0rusy50 ca | ||
| 101 | 0 | _arus | |
| 102 | _aRU | ||
| 105 | _aa|||z|||000yy | ||
| 200 | 1 |
_aО дамской верховой езде _fИрина Фадеева |
|
| 205 | _a[Изд. 2-е, доп.] | ||
| 210 |
_aСанкт-Петербург _cЛюбавич _d2014 |
||
| 215 |
_a126, [1] с. _cил., цв. ил. _d28 |
||
| 320 | _aБиблиогр.: с.117-118 | ||
| 606 |
_aКостюм женский для верховой езды _92182645 _3RU\NLR\AUTH\6601548910 |
||
| 606 |
_aВерховая езда _91254227 _3RU\NLR\AUTH\66196697 |
||
| 686 |
_aЩ126.63(0)5я61 _vLBC/SL _2rubbk |
||
| 686 |
_aЩ126.64я61 _vLBC/SL _2rubbk |
||
| 686 |
_aЧ517.22 _vLBC/SL _2rubbk |
||
| 686 |
_aЧ734(2Р)715.2я61 _vLBC/SL _2rubbk |
||
| 686 | 1 | _aЧ517.22 | |
| 686 | 1 | _aЩ126.63(0) | |
| 700 | 1 |
_7ca _8rus _aФадеева _bИ. В. _cисторик культуры _gИрина Владимировна _9139188 _3RU\NLR\AUTH\770139223 |
|
| 801 | 0 |
_aRU _bГПИБ России _c20141007 _grcr |
|
| 801 | 1 |
_aRU _bГПИБ России _c20141007 _grcr _2rusmarc |
|
| 942 | _cBOOK | ||
| 980 | _aNBR | ||